00498 2200193 4500001002100000005001500021008004100036020001800077035002500095041000800120082001400128090001400142100002000156245004100176250001600217260002500233300003500258650001100293INLIS00000000001125420130515225939 ind  a979-431-101-4 a0010-051300000011254 aind a613.042.4 a613.042.4 aVernon, Coleman aPersoalan Kewanitaan Dari A sampai Z aCetakan : 5 aJakartabArcanc1984 aviii, 127 hlm. : ilus. ;19 cm. aWanita